| 000 | 00905cam a22002531 4500 | ||
|---|---|---|---|
| 001 | sa 67006686 | ||
| 003 | DLC | ||
| 005 | 20260227112409.0 | ||
| 008 | 861125s1964 ii f000 0 eng | ||
| 010 | _asa 67006686 | ||
| 025 | _aPL480:I-E-8061 | ||
| 035 | _a(OCoLC)14872104 | ||
| 040 |
_aDLC _cWaU _dWaU _dDLC |
||
| 042 | _apremarc | ||
| 050 | 0 | 0 |
_aHC437.B39 _bA57 |
| 082 | _a338/.0954/87 | ||
| 110 | 2 | _aSmall Industries Service Institute (Bangalore, India) | |
| 245 | 1 | 0 | _aReport on industrial development potentialities of Bellary District, Mysore. |
| 260 |
_a[Bangalore] _bCentral Small Industries Organisation, Ministry of Commerce and Industry, Govt. of India, _c1964 [i.e. 1966] |
||
| 300 |
_axv, 86 p. _c21 cm. |
||
| 650 | 0 |
_aNatural resources _zIndia _zBellary (District) |
|
| 651 | 0 |
_aBellary (India : District) _xEconomic conditions. |
|
| 651 | 0 |
_aBellary (India : District) _xIndustries. |
|
| 999 |
_c76101 _d76101 |
||